| 000 | 00697nam a2200217 i 4500 | ||
|---|---|---|---|
| 001 | 139094 | ||
| 003 | ES-MaACL | ||
| 005 | 20240518063038.0 | ||
| 007 | t| | ||
| 008 | 070214s1953 sp f |||| |dspa d | ||
| 080 | _a929:860"19" | ||
| 100 | 0 |
_aSanz y Díaz, José, _d1907-1988 _9103694 |
|
| 245 | 1 | 0 |
_aEscritores asesinados por los rojos / _cpor José Sanz y Díaz. |
| 260 |
_aMadrid : _bPublicaciones Españolas, _c1953. |
||
| 300 |
_a31 p., [4] p. de lám. ; _c25 cm. |
||
| 490 | 1 |
_aTemas españoles ; _v47 |
|
| 650 | 0 | 4 |
_aEscritores españoles- _y1936-1939. _912383 |
| 830 | 0 |
_aTemas españoles ; _v47 _9178712 |
|
| 852 |
_aES-MaACL _j1951-F-16 |
||
| 999 |
_c139094 _d139094 |
||